[Event "Winnipeg TNT July op"]
[Site "Winnipeg CAN"]
[Date "1999.07.13"]
[Round "2"]
[White "Babb, Jeff"]
[Black "Klokow, John"]
[Result "1-0"]
[ECO "C29"]
[WhiteElo "2252"]
[BlackElo "1722"]
[PlyCount "39"]
[GameId "2160767911742980"]
[EventDate "1999.07.06"]
[EventType "swiss"]
[EventRounds "4"]
[EventCountry "CAN"]
[SourceTitle "EXT 2022"]
[Source "ChessBase"]
[SourceDate "2021.10.06"]
[SourceVersion "1"]
[SourceVersionDate "2021.10.06"]
[SourceQuality "1"]

1. e4 e5 2. Nc3 Nf6 3. f4 Nc6 4. fxe5 Nxe5 5. d4 Ng6 6. e5 Ng8 7. Nf3 d6 8. exd6 Bxd6 9. Bc4 Qe7+ 10. Kf2 Qd8 11. Re1+ N8e7 12. Ne4 O-O 13. Nxd6 Qxd6 14. c3 Bg4 15. h3 Bd7 16. Ng5 Nf5 17. Qh5 Qg3+ 18. Kf1 Nh6 19. Ne4 Qh2 20. Bxh6 1-0

[Event "Winnipeg TNT July op"]
[Site "Winnipeg CAN"]
[Date "1999.07.13"]
[Round "2"]
[White "Bays, Derek"]
[Black "Federkevic, Danny"]
[Result "0-1"]
[ECO "C50"]
[WhiteElo "1501"]
[BlackElo "1950"]
[PlyCount "70"]
[GameId "2160767911742981"]
[EventDate "1999.07.06"]
[EventType "swiss"]
[EventRounds "4"]
[EventCountry "CAN"]

1. e4 e5 2. Bc4 Bc5 3. Nf3 Nc6 4. O-O Nf6 5. d3 d6 6. Ng5 O-O 7. Re1 h6 8. Nf3 Bg4 9. Be3 Nd7 10. Nbd2 Kh8 11. c3 Qe7 12. h3 Bh5 13. Nf1 Bg6 14. Bxc5 dxc5 15. Bd5 Qd6 16. N3d2 b5 17. Ne3 Rad8 18. a3 Ne7 19. Qb3 c6 20. Ndc4 bxc4 21. Bxc4 Nb6 22. Rad1 f5 23. f3 fxe4 24. dxe4 Qc7 25. Bf1 Rxd1 26. Rxd1 Bf7 27. Qc2 Rd8 28. Kf2 Ng6 29. Nf5 c4 30. g3 Nf8 31. Be2 Ne6 32. Ke3 Nc5 33. g4 Nba4 34. Rb1 Qb6 35. Kf2 Nxe4+ 0-1

[Event "Winnipeg TNT July op"]
[Site "Winnipeg CAN"]
[Date "1999.07.13"]
[Round "2"]
[White "Haapamaki, Eric"]
[Black "Nikouline, Alexandre"]
[Result "0-1"]
[ECO "B33"]
[WhiteElo "1691"]
[BlackElo "2087"]
[PlyCount "46"]
[GameId "2160767911742982"]
[EventDate "1999.07.06"]
[EventType "swiss"]
[EventRounds "4"]
[EventCountry "CAN"]
[SourceTitle "EXT 2022"]
[Source "ChessBase"]
[SourceDate "2021.10.06"]
[SourceVersion "1"]
[SourceVersionDate "2021.10.06"]
[SourceQuality "1"]

1. e4 c5 2. Nf3 Nc6 3. d4 cxd4 4. Nxd4 Nf6 5. Nc3 e5 6. Ndb5 d6 7. Bg5 a6 8. Na3 b5 9. Nd5 Be7 10. Bxf6 Bxf6 11. c4 b4 12. Nxf6+ Qxf6 13. Nc2 O-O 14. Qd2 Bb7 15. f3 a5 16. Be2 Qh4+ 17. g3 Qd8 18. Rd1 Qb6 19. Qxd6 Rfd8 20. c5 Qa7 21. Qc7 Qxc5 22. Qxb7 Qxc2 23. Qb6 Nd4 0-1

[Event "Winnipeg TNT July op"]
[Site "Winnipeg CAN"]
[Date "1999.07.20"]
[Round "3"]
[White "Bays, Derek"]
[Black "Haapamaki, Eric"]
[Result "0-1"]
[ECO "B22"]
[WhiteElo "1501"]
[BlackElo "1733"]
[PlyCount "64"]
[GameId "2160767911742983"]
[EventDate "1999.07.06"]
[EventType "swiss"]
[EventRounds "4"]
[EventCountry "CAN"]
[SourceTitle "EXT 2022"]
[Source "ChessBase"]
[SourceDate "2021.10.06"]
[SourceVersion "1"]
[SourceVersionDate "2021.10.06"]
[SourceQuality "1"]

1. e4 c5 2. c3 d5 3. exd5 Qxd5 4. d4 cxd4 5. cxd4 Nc6 6. Nf3 e6 7. Be2 Nf6 8. Nc3 Qd8 9. O-O Be7 10. Qd3 O-O 11. Ne4 Nb4 12. Qb1 Bd7 13. a3 Nxe4 14. Qxe4 Bc6 15. Qg4 Nd5 16. Bh6 Bf6 17. Bd3 Ne7 18. Rad1 Bxf3 19. Qxf3 Qb6 20. b4 Rfd8 21. Be3 Bxd4 22. Rfe1 Bxe3 23. Rxe3 Rac8 24. Ree1 Nd5 25. Be4 Qb5 26. Bd3 Qa4 27. Kf1 Rc3 28. Qe4 g6 29. Bc2 Qxc2 30. Qxc2 Rxc2 31. Re2 Rxe2 32. Kxe2 Nc3+ 0-1

[Event "Winnipeg TNT July op"]
[Site "Winnipeg CAN"]
[Date "1999.07.20"]
[Round "3"]
[White "Klokow, John"]
[Black "Gibson, Kris"]
[Result "1-0"]
[ECO "B46"]
[WhiteElo "1737"]
[BlackElo "1760"]
[PlyCount "133"]
[GameId "2160767911742984"]
[EventDate "1999.07.06"]
[EventType "swiss"]
[EventRounds "4"]
[EventCountry "CAN"]
[SourceTitle "EXT 2022"]
[Source "ChessBase"]
[SourceDate "2021.10.06"]
[SourceVersion "1"]
[SourceVersionDate "2021.10.06"]
[SourceQuality "1"]

1. e4 c5 2. Nf3 e6 3. d4 cxd4 4. Nxd4 a6 5. Nc3 Nc6 6. Nxc6 bxc6 7. Bd3 Qc7 8. O-O Nf6 9. Qe2 Bd6 10. f4 Bc5+ 11. Kh1 h5 12. Be3 Bxe3 13. Qxe3 Ng4 14. Qf3 Bb7 15. e5 d6 16. exd6 Qxd6 17. Rad1 Qe7 18. Be4 Rc8 19. Rd2 O-O 20. Rfd1 f5 21. Bd3 c5 22. Qg3 h4 23. Qe1 h3 24. Bc4 hxg2+ 25. Kg1 Nxh2 26. Qxe6+ Qxe6 27. Bxe6+ Kh8 28. Kxh2 Rce8 29. Bd5 Bxd5 30. Rxd5 Rb8 31. Kxg2 c4 32. b3 cxb3 33. cxb3 g6 34. Rd6 Rbc8 35. Rxg6 Rf7 36. Rh1+ Rh7 37. Rxh7+ Kxh7 38. Rg3 Rd8 39. Kf1 Rd4 40. Ne2 Rd1+ 41. Kf2 Rd2 42. a4 a5 43. Ke3 Rb2 44. Nd4 Rb1 45. Kd2 Rb2+ 46. Kc3 Rf2 47. Rf3 Rh2 48. Nxf5 Kg6 49. Nd6 Rh1 50. Nc4 Kf5 51. Nxa5 Ke4 52. Rf2 Ke3 53. Rb2 Kxf4 54. Nc4 Kf5 55. a5 Ke6 56. Rd2 Ke7 57. b4 Rc1+ 58. Rc2 Ra1 59. b5 Kd7 60. b6 Kc6 61. Kb2 Ra4 62. Kb3 Ra1 63. Na3+ Kb7 64. Rc7+ Kb8 65. a6 Ka8 66. Re7 Rh1 67. Re8# 1-0

[Event "Winnipeg TNT July op"]
[Site "Winnipeg CAN"]
[Date "1999.07.20"]
[Round "3"]
[White "Nikouline, Alexandre"]
[Black "Babb, Jeff"]
[Result "1-0"]
[ECO "B09"]
[WhiteElo "2087"]
[BlackElo "2252"]
[PlyCount "73"]
[GameId "2160767911742985"]
[EventDate "1999.07.06"]
[EventType "swiss"]
[EventRounds "4"]
[EventCountry "CAN"]
[SourceTitle "EXT 2022"]
[Source "ChessBase"]
[SourceDate "2021.10.06"]
[SourceVersion "1"]
[SourceVersionDate "2021.10.06"]
[SourceQuality "1"]

1. e4 d6 2. d4 Nf6 3. Nc3 g6 4. f4 Bg7 5. Nf3 c5 6. dxc5 Qa5 7. Bd3 Qxc5 8. Qe2 O-O 9. Be3 Qb4 10. O-O Qxb2 11. Nb5 Ne8 12. e5 Qb4 13. Rab1 Qa5 14. f5 Nc6 15. e6 gxf5 16. Bxf5 Nf6 17. Ng5 fxe6 18. Bxe6+ Bxe6 19. Nxe6 Rf7 20. Nbc7 Rb8 21. Rb5 Qxa2 22. Ng5 Nd8 23. Nxf7 Qxf7 24. Bxa7 Rc8 25. Nd5 Kh8 26. Qxe7 Qxe7 27. Nxe7 Rxc2 28. Nf5 Nd7 29. Nxg7 Kxg7 30. Rg5+ Kh6 31. Be3 Re2 32. Rg3+ Rxe3 33. Rxe3 b6 34. Re8 Nb7 35. Rg8 Ne5 36. g4 Ng6 37. Rf5 1-0

[Event "Winnipeg TNT June op"]
[Site "Winnipeg CAN"]
[Date "1999.06.01"]
[Round "1"]
[White "Czypinski, Jaroslaw"]
[Black "Weijs, Harry"]
[Result "1-0"]
[ECO "B01"]
[WhiteElo "1939"]
[BlackElo "1637"]
[PlyCount "99"]
[GameId "2160767911743378"]
[EventDate "1999.06.01"]
[EventType "swiss"]
[EventRounds "4"]
[EventCountry "CAN"]
[SourceTitle "EXT 2022"]
[Source "ChessBase"]
[SourceDate "2021.10.06"]
[SourceVersion "1"]
[SourceVersionDate "2021.10.06"]
[SourceQuality "1"]

1. e4 d5 2. exd5 Nf6 3. Bb5+ Bd7 4. Bc4 b5 5. Bb3 a5 6. a3 Na6 7. d4 a4 8. Ba2 c6 9. dxc6 Bxc6 10. Nf3 Bxf3 11. Qxf3 Rc8 12. O-O e6 13. Nc3 Nc7 14. Re1 Be7 15. d5 Nfxd5 16. Bxd5 Nxd5 17. Nxb5 Rxc2 18. Qg4 Qb6 19. Nd4 Rc4 20. Be3 Nxe3 21. fxe3 Bf6 22. Qe2 Qc5 23. Rad1 O-O 24. Rd2 Rc8 25. Red1 e5 26. Nf5 Rc1 27. Qe1 Rxd1 28. Qxd1 g6 29. Ng3 Qxe3+ 30. Kh1 Kg7 31. Ne2 Bg5 32. Rd3 Qb6 33. b4 axb3 34. Rxb3 Qa6 35. Rd3 e4 36. Rd5 h6 37. a4 Rc4 38. a5 Be7 39. Rd4 Bf6 40. Rxc4 Qxc4 41. Qe1 Bd8 42. Qa1+ f6 43. a6 Bc7 44. a7 Qxe2 45. a8=Q Qh5 46. h3 Qh4 47. Qc8 Qf4 48. Qd7+ Kh8 49. Qa8+ Bb8 50. Qc8+ 1-0

[Event "Winnipeg TNT June op"]
[Site "Winnipeg CAN"]
[Date "1999.06.01"]
[Round "1"]
[White "Federkevic, Danny"]
[Black "Klokow, John"]
[Result "1-0"]
[ECO "C63"]
[WhiteElo "1950"]
[BlackElo "1722"]
[PlyCount "83"]
[GameId "2160767911743379"]
[EventDate "1999.06.01"]
[EventType "swiss"]
[EventRounds "4"]
[EventCountry "CAN"]

1. e4 e5 2. Nf3 Nc6 3. Bb5 f5 4. exf5 e4 5. Bxc6 dxc6 6. Ne5 Bxf5 7. O-O Qd4 8. Ng4 O-O-O 9. Ne3 Be6 10. Qh5 Nf6 11. Qa5 Kb8 12. Qc3 Qd7 13. Na3 Bd6 14. Nac4 Qf7 15. Nxd6 Rxd6 16. b3 Rhd8 17. Rd1 Ng4 18. Nxg4 Bxg4 19. Re1 Rg6 20. Kf1 Qf4 21. h3 Bf3 22. gxf3 exf3 23. Qe5 Qh4 24. Qf5 Qd4 25. c3 Qd6 26. Qxf3 Rf6 27. Qe3 Qd7 28. d4 Rdf8 29. Re2 Rf3 30. Qe6 Rxf2+ 31. Ke1 Rxe2+ 32. Qxe2 Re8 33. Be3 Qxh3 34. Kd2 g5 35. Rf1 Qe6 36. Rf3 g4 37. Rf4 h5 38. Qf2 Kc8 39. Rf7 h4 40. Qf4 Re7 41. Rxe7 Qxe7 42. Qxg4+ 1-0

[Event "Winnipeg TNT June op"]
[Site "Winnipeg CAN"]
[Date "1999.06.01"]
[Round "1"]
[White "Gibson, Kris"]
[Black "Gibbons, Lorne"]
[Result "1-0"]
[ECO "B06"]
[WhiteElo "1786"]
[BlackElo "1409"]
[PlyCount "51"]
[GameId "2160767911743380"]
[EventDate "1999.06.01"]
[EventType "swiss"]
[EventRounds "4"]
[EventCountry "CAN"]
[SourceTitle "EXT 2022"]
[Source "ChessBase"]
[SourceDate "2021.10.06"]
[SourceVersion "1"]
[SourceVersionDate "2021.10.06"]
[SourceQuality "1"]

1. e4 g6 2. Bc4 Bg7 3. Qf3 e6 4. Ne2 Qf6 5. Qxf6 Bxf6 6. d4 Ne7 7. f4 c6 8. e5 Bg7 9. g4 b5 10. Bb3 Bb7 11. Na3 O-O 12. O-O Ba6 13. c4 bxc4 14. Nxc4 Nd5 15. Bd2 Nb6 16. Nxb6 axb6 17. Rf2 Bxe2 18. Rxe2 b5 19. f5 d5 20. f6 Bh6 21. Bxh6 Rc8 22. Rc1 Ra6 23. h4 Nd7 24. Rec2 Nb8 25. Rc5 Rc7 26. Rxb5 1-0

[Event "Winnipeg TNT June op"]
[Site "Winnipeg CAN"]
[Date "1999.06.01"]
[Round "1"]
[White "Moffat, Ron"]
[Black "Schulz, Manfred1"]
[Result "0-1"]
[ECO "D11"]
[WhiteElo "1685"]
[BlackElo "1962"]
[PlyCount "146"]
[GameId "2160767911743381"]
[EventDate "1999.06.01"]
[EventType "swiss"]
[EventRounds "4"]
[EventCountry "CAN"]
[SourceTitle "EXT 2022"]
[Source "ChessBase"]
[SourceDate "2021.10.06"]
[SourceVersion "1"]
[SourceVersionDate "2021.10.06"]
[SourceQuality "1"]

1. d4 c6 2. c4 d5 3. Nf3 Nf6 4. Bf4 Qb6 5. Qc2 g6 6. e3 Bf5 7. Qc1 Bg7 8. Nc3 O-O 9. Be2 Nbd7 10. Ne5 Rac8 11. O-O Rfd8 12. c5 Qa5 13. a3 Re8 14. b4 Qd8 15. b5 cxb5 16. Nxb5 Qa5 17. Qe1 Qxe1 18. Rfxe1 a6 19. Nc3 Nb8 20. Na4 Nfd7 21. Nxd7 Nxd7 22. Nb6 Nxb6 23. cxb6 Rc6 24. Bc7 e5 25. dxe5 Bxe5 26. Rac1 Bxc7 27. Rxc6 bxc6 28. bxc7 Rc8 29. Bxa6 Rxc7 30. Rc1 Bd7 31. Rc3 Kf8 32. Kf1 Ke7 33. Ke2 Kd6 34. Kd2 Ra7 35. Be2 g5 36. Kd3 c5 37. Kd2 Ba4 38. Bd1 Bb5 39. Be2 Bc6 40. g3 f6 41. Rb3 c4 42. Rc3 Kc5 43. e4 Kd4 44. exd5 Bxd5 45. Bf3 Bxf3 46. Rxf3 Ra6 47. Kc2 Re6 48. a4 Re2+ 49. Kd1 Ra2 50. Rxf6 Kc3 51. Rf3+ Kb2 52. Kd2 Rxa4 53. Rc3 Rb4 54. Rc2+ Kb3 55. f3 Rb5 56. Rc3+ Kb4 57. Re3 Rd5+ 58. Kc2 Rf5 59. h3 Ra5 60. Kb2 Rd5 61. Kc2 Ra5 62. Re7 Ra2+ 63. Kb1 Rf2 64. Rb7+ Kc3 65. Rxh7 Rxf3 66. g4 Kd2 67. Rd7+ Rd3 68. Rc7 c3 69. Rc5 Rxh3 70. Rd5+ Rd3 71. Rc5 Rd4 72. Rb5 c2+ 73. Ka2 c1=Q 0-1

[Event "Winnipeg TNT June op"]
[Site "Winnipeg CAN"]
[Date "1999.06.01"]
[Round "1"]
[White "Trueman, Francis"]
[Black "Wierda, John"]
[Result "1/2-1/2"]
[ECO "A06"]
[WhiteElo "1458"]
[BlackElo "1805"]
[PlyCount "57"]
[GameId "2160767911743382"]
[EventDate "1999.06.01"]
[EventType "swiss"]
[EventRounds "4"]
[EventCountry "CAN"]
[SourceTitle "EXT 2022"]
[Source "ChessBase"]
[SourceDate "2021.10.06"]
[SourceVersion "1"]
[SourceVersionDate "2021.10.06"]
[SourceQuality "1"]

1. Nf3 d5 2. d3 Bg4 3. Nbd2 Nc6 4. g3 Nf6 5. Bg2 e5 6. e4 d4 7. O-O h6 8. a4 Na5 9. h3 Bxf3 10. Nxf3 Nd7 11. Bd2 c5 12. c3 Qb6 13. cxd4 cxd4 14. Bxa5 Qxa5 15. Rc1 Bb4 16. Nh4 O-O 17. Nf5 Kh7 18. f4 g6 19. Nh4 Bd2 20. Rc2 Be3+ 21. Kh2 Rac8 22. Rxc8 Rxc8 23. Qb3 Rf8 24. Qxb7 Qxa4 25. fxe5 Nxe5 26. Qe7 Qe8 27. Qxa7 Qe6 28. Nf3 Qd7 29. Qc5 1/2-1/2

[Event "Winnipeg TNT June op"]
[Site "Winnipeg CAN"]
[Date "1999.06.08"]
[Round "2"]
[White "Gibson, Kris"]
[Black "Federkevic, Danny"]
[Result "0-1"]
[ECO "C56"]
[WhiteElo "1786"]
[BlackElo "1950"]
[PlyCount "80"]
[GameId "2160767911743383"]
[EventDate "1999.06.01"]
[EventType "swiss"]
[EventRounds "4"]
[EventCountry "CAN"]

1. e4 e5 2. d4 exd4 3. Nf3 Nc6 4. Bc4 Nf6 5. Bg5 h6 6. Bxf6 Qxf6 7. Nbd2 Bc5 8. Qe2 d6 9. Bb5 O-O 10. Bxc6 bxc6 11. O-O Re8 12. Qd3 a5 13. e5 dxe5 14. Ne4 Qe7 15. Rfe1 Bf5 16. Qc4 Bd6 17. Qxc6 Rab8 18. h3 Qd7 19. Nxd4 exd4 20. Qxd7 Bxd7 21. Nxd6 cxd6 22. Rxe8+ Bxe8 23. b3 Rc8 24. Rd1 Rxc2 25. Rxd4 Rc1+ 26. Kh2 Rc6 27. Rd5 Ra6 28. Kg3 Kf8 29. Kf4 Ke7 30. h4 a4 31. g4 axb3 32. axb3 Rb6 33. g5 Rb4+ 34. Kg3 Rxb3+ 35. f3 Bc6 36. gxh6 gxh6 37. Rf5 Rxf3+ 38. Rxf3 Bxf3 39. Kxf3 Kf6 40. Kg4 Kg6 0-1

[Event "Winnipeg TNT June op"]
[Site "Winnipeg CAN"]
[Date "1999.06.08"]
[Round "2"]
[White "Klokow, John"]
[Black "Trueman, Francis"]
[Result "1-0"]
[ECO "B13"]
[WhiteElo "1722"]
[BlackElo "1458"]
[PlyCount "47"]
[GameId "2160767911743384"]
[EventDate "1999.06.01"]
[EventType "swiss"]
[EventRounds "4"]
[EventCountry "CAN"]
[SourceTitle "EXT 2022"]
[Source "ChessBase"]
[SourceDate "2021.10.06"]
[SourceVersion "1"]
[SourceVersionDate "2021.10.06"]
[SourceQuality "1"]

1. e4 c6 2. d4 d5 3. exd5 cxd5 4. c4 Nf6 5. Nc3 Be6 6. c5 Nc6 7. g3 b6 8. Bg2 bxc5 9. dxc5 Rc8 10. Nge2 Bg4 11. Nxd5 Bxe2 12. Nxf6+ gxf6 13. Qxe2 Qa5+ 14. Bd2 Qxc5 15. Rc1 Qd6 16. O-O Bg7 17. Qg4 e6 18. Qxg7 Ke7 19. Rfd1 Rcg8 20. Qh6 Rg6 21. Rxc6 Qd7 22. Qf4 Ke8 23. Qb8+ Qd8 24. Rc8 1-0

[Event "Winnipeg TNT June op"]
[Site "Winnipeg CAN"]
[Date "1999.06.08"]
[Round "2"]
[White "Milord, Frank"]
[Black "Haapamaki, Eric"]
[Result "1/2-1/2"]
[ECO "E98"]
[WhiteElo "1749"]
[BlackElo "1691"]
[PlyCount "62"]
[GameId "2160767911743385"]
[EventDate "1999.06.01"]
[EventType "swiss"]
[EventRounds "4"]
[EventCountry "CAN"]
[SourceTitle "EXT 2022"]
[Source "ChessBase"]
[SourceDate "2021.10.06"]
[SourceVersion "1"]
[SourceVersionDate "2021.10.06"]
[SourceQuality "1"]

1. d4 Nf6 2. c4 d6 3. Nf3 g6 4. Nc3 Bg7 5. e4 O-O 6. Be2 e5 7. O-O Nc6 8. d5 Ne7 9. Ne1 Ne8 10. Be3 f5 11. f3 f4 12. Bf2 g5 13. Nd3 Ng6 14. b4 Rf7 15. Rc1 Bf8 16. c5 Nf6 17. a4 h5 18. cxd6 cxd6 19. a5 g4 20. Nb5 g3 21. Bxa7 gxh2+ 22. Kxh2 Ne8 23. Bf2 Rg7 24. Rh1 Nh4 25. Bf1 Qg5 26. Bxh4 Qxh4+ 27. Kg1 Qg5 28. Qe1 Be7 29. Nc7 Nxc7 30. Rxc7 Bd8 31. Rxg7+ Kxg7 1/2-1/2

[Event "Winnipeg TNT June op"]
[Site "Winnipeg CAN"]
[Date "1999.06.08"]
[Round "2"]
[White "Schulz, Manfred1"]
[Black "Czypinski, Jaroslaw"]
[Result "1/2-1/2"]
[ECO "B01"]
[WhiteElo "1962"]
[BlackElo "1939"]
[PlyCount "138"]
[GameId "2160767911743386"]
[EventDate "1999.06.01"]
[EventType "swiss"]
[EventRounds "4"]
[EventCountry "CAN"]
[SourceTitle "EXT 2022"]
[Source "ChessBase"]
[SourceDate "2021.10.06"]
[SourceVersion "1"]
[SourceVersionDate "2021.10.06"]
[SourceQuality "1"]

1. e4 d5 2. exd5 Qxd5 3. Nc3 Qd8 4. Nf3 g6 5. h3 Bg7 6. d4 Nh6 7. Bc4 O-O 8. Bg5 Nf5 9. Ne2 c6 10. c3 Nd7 11. O-O Nf6 12. Re1 Nd6 13. Bd3 Bf5 14. Ng3 Bxd3 15. Qxd3 Qc7 16. Rad1 e6 17. Qd2 Nf5 18. Nxf5 exf5 19. Bf4 Qd7 20. Ne5 Qd8 21. Bg5 Qc7 22. Nd3 Ne4 23. Qf4 Qxf4 24. Bxf4 Rfe8 25. Re2 Nf6 26. Rde1 Rxe2 27. Rxe2 Nd5 28. Bd2 Bf8 29. f3 Bd6 30. Kf2 Nf6 31. Bf4 Bxf4 32. Nxf4 Kf8 33. Nd3 Nd7 34. b3 Rc8 35. Ne5 Nxe5 36. Rxe5 f6 37. Re3 f4 38. Re4 g5 39. Ke2 Kf7 40. Kd3 f5 41. Re1 Rg8 42. c4 Rd8 43. b4 h5 44. Re5 Kf6 45. b5 g4 46. hxg4 hxg4 47. bxc6 bxc6 48. Rc5 Rd6 49. Ra5 Kg5 50. Rxa7 Kh4 51. Rf7 gxf3 52. gxf3 Kg3 53. Rxf5 Kxf3 54. a4 Kg4 55. Rf7 Re6 56. d5 cxd5 57. cxd5 Ra6 58. Ke4 Rxa4+ 59. Ke5 f3 60. d6 Ra5+ 61. Ke6 Ra6 62. Ke7 Ra7+ 63. d7 Rxd7+ 64. Kxd7 Kg3 65. Ke6 f2 66. Ke5 Kg2 67. Rg7+ Kf3 68. Rf7+ Ke3 69. Rxf2 Kxf2 1/2-1/2

[Event "Winnipeg TNT June op"]
[Site "Winnipeg CAN"]
[Date "1999.06.15"]
[Round "3"]
[White "Czypinski, Jaroslaw"]
[Black "Milord, Frank"]
[Result "1-0"]
[ECO "B51"]
[WhiteElo "1939"]
[BlackElo "1749"]
[PlyCount "115"]
[GameId "2160767911743387"]
[EventDate "1999.06.01"]
[EventType "swiss"]
[EventRounds "4"]
[EventCountry "CAN"]
[SourceTitle "EXT 2022"]
[Source "ChessBase"]
[SourceDate "2021.10.06"]
[SourceVersion "1"]
[SourceVersionDate "2021.10.06"]
[SourceQuality "1"]

1. e4 c5 2. Nf3 d6 3. Bb5+ Nc6 4. O-O a6 5. Bxc6+ bxc6 6. c4 Nf6 7. Nc3 e5 8. d3 h6 9. h3 Be7 10. Be3 a5 11. b3 O-O 12. Qd2 Kh7 13. Qe2 Rg8 14. Nh2 Be6 15. Ng4 Nxg4 16. hxg4 Bg5 17. f3 g6 18. Qd2 Bxe3+ 19. Qxe3 f5 20. f4 exf4 21. Rxf4 g5 22. Rf2 f4 23. Qe2 Qf6 24. Rc1 Qd4 25. e5 dxe5 26. Qe4+ Qxe4 27. Nxe4 Kg6 28. Nxc5 Rge8 29. Nxe6 Rxe6 30. Re2 c5 31. Rce1 Kf6 32. Kf2 Rd8 33. Rh1 Ke7 34. Rh3 Rd4 35. Re1 Kd7 36. Reh1 Rdd6 37. Re1 Rd4 38. Rf3 e4 39. Rxe4 Rexe4 40. dxe4 Rxe4 41. Rh3 Re6 42. Rd3+ Kc7 43. Rd5 Kb6 44. g3 fxg3+ 45. Kxg3 Re3+ 46. Kf2 Re6 47. Kf3 Kc6 48. Rd8 Kb7 49. Rd3 Kb6 50. Re3 Rf6+ 51. Ke2 Rd6 52. Re4 Kc6 53. Ke3 Rf6 54. Re5 Kb6 55. Re8 Kb7 56. Ke4 Rd6 57. Re5 Kb6 58. Kf5 1-0

[Event "Winnipeg TNT June op"]
[Site "Winnipeg CAN"]
[Date "1999.06.15"]
[Round "3"]
[White "Federkevic, Danny"]
[Black "Schulz, Manfred1"]
[Result "1-0"]
[ECO "B13"]
[WhiteElo "1950"]
[BlackElo "1962"]
[PlyCount "61"]
[GameId "2160767911743388"]
[EventDate "1999.06.01"]
[EventType "swiss"]
[EventRounds "4"]
[EventCountry "CAN"]
[SourceTitle "EXT 2022"]
[Source "ChessBase"]
[SourceDate "2021.10.06"]
[SourceVersion "1"]
[SourceVersionDate "2021.10.06"]
[SourceQuality "1"]

1. e4 c6 2. d4 d5 3. exd5 cxd5 4. c4 Nf6 5. Nf3 Nc6 6. Nc3 Be6 7. cxd5 Nxd5 8. Ng5 Bc8 9. Bc4 e6 10. O-O Be7 11. Qh5 Bxg5 12. Bxg5 Nf6 13. Bxf6 Qxf6 14. d5 Ne5 15. Bb5+ Kf8 16. Rfe1 Ng6 17. Rad1 a6 18. Bc4 b5 19. Bb3 Nf4 20. Qf3 Bb7 21. Ne4 Qh6 22. Nd6 Rb8 23. Nxb7 Rxb7 24. dxe6 Rb8 25. e7+ Ke8 26. Rd8+ Rxd8 27. exd8=Q+ Kxd8 28. Qa8+ Kc7 29. Qxh8 Qc6 30. Qxg7 Ne2+ 31. Kf1 1-0

[Event "Winnipeg TNT June op"]
[Site "Winnipeg CAN"]
[Date "1999.06.15"]
[Round "3"]
[White "Kernested, Gavin"]
[Black "Klokow, John"]
[Result "0-1"]
[ECO "E38"]
[WhiteElo "1313"]
[BlackElo "1722"]
[PlyCount "78"]
[GameId "2160767911808925"]
[EventDate "1999.06.01"]
[EventType "swiss"]
[EventRounds "4"]
[EventCountry "CAN"]
[SourceTitle "EXT 2022"]
[Source "ChessBase"]
[SourceDate "2021.10.06"]
[SourceVersion "1"]
[SourceVersionDate "2021.10.06"]
[SourceQuality "1"]

1. d4 e6 2. c4 Nf6 3. Nc3 Bb4 4. Qc2 c5 5. e3 O-O 6. Bd2 cxd4 7. exd4 b6 8. Nb5 Bxd2+ 9. Qxd2 d5 10. Bd3 dxc4 11. Bc2 Qd5 12. Nc3 Qxg2 13. Nce2 Qxh1 14. h3 Bb7 15. O-O-O Ne4 16. Qf4 Qg2 17. Qh4 Qg5+ 18. Qf4 Qxf4+ 19. Nxf4 Nxf2 20. Rf1 Nd3+ 21. Nxd3 cxd3 22. Bxd3 Ba6 23. Bxa6 Nxa6 24. Nf3 Nb4 25. a3 Rac8+ 26. Kb1 Nc6 27. Rg1 Rfd8 28. Rg4 Rd5 29. b3 Rcd8 30. Ne5 Nxe5 31. dxe5 Rxe5 32. Kb2 Red5 33. Rc4 Rd2+ 34. Kc3 R8d3+ 35. Kb4 Rd4 36. a4 e5 37. Kc3 Rxc4+ 38. Kxd2 Rd4+ 39. Ke3 f5 0-1

[Event "Winnipeg TNT June op"]
[Site "Winnipeg CAN"]
[Date "1999.06.15"]
[Round "3"]
[White "Moffat, Ron"]
[Black "Gibson, Kris"]
[Result "1-0"]
[ECO "D31"]
[WhiteElo "1685"]
[BlackElo "1786"]
[PlyCount "29"]
[GameId "2160767911808926"]
[EventDate "1999.06.01"]
[EventType "swiss"]
[EventRounds "4"]
[EventCountry "CAN"]
[SourceTitle "EXT 2022"]
[Source "ChessBase"]
[SourceDate "2021.10.06"]
[SourceVersion "1"]
[SourceVersionDate "2021.10.06"]
[SourceQuality "1"]

1. d4 d5 2. c4 e6 3. Nc3 c6 4. Nf3 dxc4 5. a4 Bb4 6. Ne5 Qd5 7. e3 Bxc3+ 8. bxc3 b5 9. Qg4 g6 10. axb5 cxb5 11. Be2 Nf6 12. Qf4 Qe4 13. Qxf6 Rf8 14. Ba3 Nd7 15. Qe7# 1-0

[Event "Winnipeg TNT June op"]
[Site "Winnipeg CAN"]
[Date "1999.06.15"]
[Round "3"]
[White "Wierda, John"]
[Black "Haapamaki, Eric"]
[Result "0-1"]
[ECO "B22"]
[WhiteElo "1805"]
[BlackElo "1691"]
[PlyCount "108"]
[GameId "2160767911808927"]
[EventDate "1999.06.01"]
[EventType "swiss"]
[EventRounds "4"]
[EventCountry "CAN"]
[SourceTitle "EXT 2022"]
[Source "ChessBase"]
[SourceDate "2021.10.06"]
[SourceVersion "1"]
[SourceVersionDate "2021.10.06"]
[SourceQuality "1"]

1. e4 c5 2. c3 d5 3. exd5 Qxd5 4. d4 cxd4 5. Nf3 Bg4 6. Be2 e5 7. O-O Bxf3 8. Bxf3 e4 9. Re1 f5 10. cxd4 Nc6 11. Nc3 Qf7 12. Bf4 O-O-O 13. Be2 Rxd4 14. Qb3 Qxb3 15. axb3 a6 16. Rec1 Bd6 17. Be3 Rb4 18. Bc4 Nf6 19. Na2 Kb8 20. Nxb4 Nxb4 21. Be6 Nd3 22. Rc2 g6 23. Bd4 Rf8 24. Ra4 Be5 25. Be3 Nxb2 26. Rb4 Nd3 27. Rbc4 b5 28. Rc8+ Rxc8 29. Rxc8+ Kb7 30. Rf8 a5 31. Bc8+ Kc6 32. Ba6 Nd5 33. Bc8 Nxe3 34. fxe3 Nc5 35. Rf7 Nxb3 36. Rxh7 a4 37. Ra7 Nd2 38. Ra6+ Kc5 39. Bd7 Nc4 40. Rxg6 a3 41. Ra6 Kb4 42. Bxf5 Kb3 43. Be6 a2 44. g4 a1=Q+ 45. Rxa1 Bxa1 46. Bd5 Kc3 47. Bxe4 Nxe3 48. g5 Kd2 49. h4 b4 50. g6 Bg7 51. Kf2 b3 52. Kf3 b2 53. Bb1 Kc1 54. Ba2 Nc2 0-1

[Event "Winnipeg TNT June op"]
[Site "Winnipeg CAN"]
[Date "1999.06.22"]
[Round "4"]
[White "Haapamaki, Eric"]
[Black "Federkevic, Danny"]
[Result "1/2-1/2"]
[ECO "C99"]
[WhiteElo "1691"]
[BlackElo "1950"]
[PlyCount "76"]
[GameId "2160767911808928"]
[EventDate "1999.06.01"]
[EventType "swiss"]
[EventRounds "4"]
[EventCountry "CAN"]

1. e4 e5 2. Nf3 Nc6 3. Bb5 a6 4. Ba4 Nf6 5. O-O b5 6. Bb3 Be7 7. Re1 d6 8. c3 O-O 9. h3 Na5 10. Bc2 c5 11. d4 Qc7 12. Nbd2 cxd4 13. cxd4 Nc6 14. d5 Nb4 15. Bb1 a5 16. Nf1 Bd7 17. Ng3 Rfc8 18. a3 Nc2 19. Bxc2 Qxc2 20. b3 Qxd1 21. Rxd1 Rc3 22. Rb1 Bd8 23. Bd2 Rc2 24. Rdc1 Rac8 25. Be3 Ra2 26. Rxc8 Bxc8 27. a4 bxa4 28. bxa4 Rxa4 29. Rb8 Rc4 30. Nd2 Rc1+ 31. Kh2 g6 32. Ra8 Kf8 33. Nb3 Rc4 34. Nd2 Rc3 35. Nb3 Rxb3 36. Rxc8 Ke7 37. Bg5 Kd7 38. Ra8 Rb5 1/2-1/2